[Event "WA Open - Reserve Section"]
[Site "Redmond, WA"]
[Date "2008.05.26"]
[Round "6"]
[White "Varner, Murlin"]
[Black "Marcjan, Cezary"]
[Result "1-0"]
[WhiteElo "1517"]
[BlackElo "1406"]
[PlyCount "20"]
[EventDate "2008.05.??"]
[SourceDate "2008.05.24"]

1. e4 d5 2. exd5 Nf6 3. Nf3 Nxd5 4. Bc4 c6 5. O-O e6 6. d4 Nd7 7. Nc3 Bd6 8.
Ne4 N5b6 9. Bb3 Qc7 10. c4 Be7 {
remaining moves indecipherable. White won on move 57.} 1-0

[Event "WA Open - Reserve Section"]
[Site "Redmond, WA"]
[Date "2008.05.25"]
[Round "4"]
[White "Baker, Ted"]
[Black "Biencourt, Pierre"]
[Result "1-0"]
[WhiteElo "1460"]
[BlackElo "1545"]
[PlyCount "45"]
[EventDate "2008.05.??"]
[SourceDate "2008.05.24"]

1. d4 Nf6 2. c4 e6 3. Nc3 Bb4 4. Nf3 b6 5. e3 Bb7 6. Be2 Bxc3+ 7. bxc3 O-O 8.
O-O d6 9. a4 a5 10. Bd2 Ba6 11. Re1 Nbd7 12. Qc2 Qc8 13. e4 e5 14. h3 h6 15.
Nh4 Kh7 16. Bd3 c5 17. Qc1 cxd4 18. cxd4 exd4 19. e5+ Kh8 20. exf6 Nxf6 21. Nf5
d5 22. Bxh6 Ne8 23. Bxg7+ 1-0

[Event "WA Open - Reserve Section"]
[Site "Redmond, WA"]
[Date "2008.05.25"]
[Round "4"]
[White "Hilling, Lloyd"]
[Black "Osborn, Nathaniel"]
[Result "1-0"]
[WhiteElo "1658"]
[BlackElo "1228"]
[PlyCount "71"]
[EventDate "2008.05.??"]
[SourceDate "2008.05.24"]

1. d4 Nf6 2. e3 g6 3. Bd3 Bg7 4. b3 O-O 5. Bb2 d6 6. Nf3 Re8 7. Nbd2 e5 8. dxe5
dxe5 9. Nxe5 Nd5 10. Nec4 b5 11. Bxg7 bxc4 12. bxc4 Kxg7 13. cxd5 Qxd5 14. O-O
Bb7 15. Nf3 Nc6 16. c4 Qd6 17. Rb1 Ba6 18. Qa4 Qxd3 19. Qxa6 Re6 20. Rfd1 Qf5
21. Qb5 Ne5 22. Nd4 Qe4 23. Nxe6+ fxe6 24. Rd4 Qf5 25. Rf4 Qg5 26. h4 Qh5 27.
Re4 Kf6 28. Qb2 Rd8 29. f4 Rd1+ 30. Rxd1 Qxd1+ 31. Kh2 Kf7 32. Qxe5 Qd7 33. Rd4
Qe7 34. Qg5 Qe8 35. Qd8 c5 36. Rd7+ 1-0

[Event "WA Open - Reserve Section"]
[Site "Redmond, WA"]
[Date "2008.05.25"]
[Round "3"]
[White "Dixon, Blake"]
[Black "Baldwin, Christopher"]
[Result "0-1"]
[WhiteElo "1605"]
[BlackElo "1678"]
[PlyCount "132"]
[EventDate "2008.05.??"]
[SourceDate "2008.05.24"]

1. Nf3 Nf6 2. g3 b6 3. Bg2 Bb7 4. O-O e6 5. d4 Be7 6. c4 d6 7. Nc3 Nbd7 8. Re1
O-O 9. e4 c5 10. d5 exd5 11. cxd5 a6 12. a4 Re8 13. Nh4 h6 14. Nf5 Bf8 15. g4
Nh7 16. Ne2 b5 17. Neg3 g5 18. Nh5 Ndf6 19. Ra3 Nxh5 20. gxh5 bxa4 21. Rg3 f6
22. Qxa4 Bxd5 23. Bd2 Bb7 24. Qc4+ d5 25. exd5 Rxe1+ 26. Bxe1 Qe8 27. d6+ Kh8
28. Bxb7 Qxe1+ 29. Kg2 Rd8 30. Qxc5 a5 31. Qc7 Qe8 32. Re3 Qd7 33. Qxd7 Rxd7
34. Bc6 Rxd6 35. Nxd6 Bxd6 36. Rd3 Bb4 37. Rd8+ Nf8 38. Rd6 Bxd6 39. h3 Kg7 40.
Be8 Ne6 41. Kf3 Be5 42. b3 Nd4+ 43. Ke4 Nxb3 44. Kd5 Nd4 45. Kc5 Ne6+ 46. Kb5
Bc3 47. Bd7 Nf4 48. Bg4 Kf7 49. f3 Ke7 50. Kc5 Bb4+ 51. Kc4 Kd6 52. Kd4 Ne2+
53. Ke3 a4 54. Bf5 a3 55. Bb1 Nf4 56. h4 Ng2+ 57. Ke4 Nxh4 58. f4 g4 59. Ke3 g3
60. Ke2 Kc5 61. Ba2 Kd4 62. f5 Ke4 63. Kf1 g2+ 64. Kf2 Bc5+ 65. Ke2 g1=Q 66.
Bd5+ Kxd5 0-1

[Event "WA Open - Reserve Section"]
[Site "Redmond, WA"]
[Date "2008.05.25"]
[Round "3"]
[White "Van Veen, Kerry"]
[Black "Cordero, Rowland"]
[Result "0-1"]
[WhiteElo "1375"]
[BlackElo "1527"]
[PlyCount "60"]
[EventDate "2008.05.??"]
[SourceDate "2008.05.24"]

1. d4 e6 2. c4 d5 3. Nc3 c6 4. cxd5 exd5 5. Nf3 Nf6 6. Bg5 Be7 7. Qc2 O-O 8. e3
Nbd7 9. Bd3 h6 10. Bh4 Re8 11. O-O a6 12. a4 Qc7 13. Bg3 Bd6 14. Bxd6 Qxd6 15.
a5 b5 16. axb6 Bb7 17. Na4 Ne4 18. Rfc1 Rac8 19. Nc5 Ndxc5 20. dxc5 Qe7 21.
Bxa6 Ra8 22. Bxb7 Qxb7 23. Ra3 Rxa3 24. bxa3 Ra8 25. Qb3 Ra5 26. Qb4 Rb5 27.
Qd4 Nxc5 28. Ne5 Nb3 29. Qd1 Nxc1 30. Qxc1 Rxb6 0-1

[Event "WA Open - Reserve Section"]
[Site "Redmond, WA"]
[Date "2008.05.25"]
[Round "3"]
[White "Mellott, Michael"]
[Black "Baker, Ted"]
[Result "1/2-1/2"]
[WhiteElo "1230"]
[BlackElo "1460"]
[PlyCount "63"]
[EventDate "2008.05.??"]
[SourceDate "2008.05.24"]

1. c4 Nf6 2. Nc3 g6 3. g3 Bg7 4. Bg2 O-O 5. Nf3 c5 6. O-O Nc6 7. e4 d6 8. d3
Bg4 9. a3 Nd4 10. Be3 Nxf3+ 11. Bxf3 Bxf3 12. Qxf3 Qd7 13. Kg2 Ng4 14. h4 h5
15. Rae1 f5 16. Bf4 Bxc3 17. bxc3 b6 18. Bg5 Ne5 19. Qe3 fxe4 20. Qxe4 Rf7 21.
Qxa8+ Kg7 22. Re3 Rf5 23. f4 Nc6 24. Rfe1 Rf8 25. Rxe7+ Nxe7 26. Qe4 Nf5 27. d4
cxd4 28. cxd4 Rf7 29. d5 Qa4 30. Qd3 Qa5 31. Rc1 Qc5 32. Re1 1/2-1/2

[Event "WA Open - Reserve Section"]
[Site "Redmond, WA"]
[Date "2008.05.25"]
[Round "3"]
[White "Biencourt, Pierre"]
[Black "Golden, Richard"]
[Result "1-0"]
[WhiteElo "1545"]
[BlackElo "1560"]
[PlyCount "73"]
[EventDate "2008.05.??"]
[SourceDate "2008.05.24"]

1. e4 d5 2. exd5 Nf6 3. d4 Bg4 4. Be2 Bxe2 5. Qxe2 Qxd5 6. Nf3 Nc6 7. c4 Qf5 8.
a3 O-O-O 9. Be3 e5 10. d5 Nd4 11. Bxd4 exd4 12. O-O Bd6 13. Nxd4 Bxh2+ 14. Kh1
Qe5 15. Rd1 Qxe2 16. Nxe2 Be5 17. Nbc3 Ng4 18. Kg1 Rhe8 19. Rac1 Bd6 20. b4 a5
21. c5 axb4 22. axb4 Be5 23. Rd3 Nf6 24. f4 Bxc3 25. Nxc3 Ng4 26. d6 Re3 27.
Rxe3 Nxe3 28. Nb5 c6 29. Nc3 b5 30. Kf2 Re8 31. Nd1 Nd5 32. Kf3 Nxb4 33. Ne3 g6
34. Ng4 Nd5 35. Ne5 Kb7 36. Nxf7 Nf6 37. d7 (37. d7 Nxd7 38. Nd6+) 1-0

[Event "WA Open - Reserve Section"]
[Site "Redmond, WA"]
[Date "2008.05.25"]
[Round "?"]
[White "Dawson, Drew"]
[Black "Hilling, Lloyd"]
[Result "1/2-1/2"]
[WhiteElo "1415"]
[BlackElo "1658"]
[PlyCount "75"]
[EventDate "2008.05.??"]
[SourceDate "2008.05.24"]

1. e4 e6 2. d4 d5 3. exd5 exd5 4. c4 Bb4+ 5. Nc3 Qe7+ 6. Be3 Nf6 7. a3 Bxc3+ 8.
bxc3 Ng4 9. Qf3 Nxe3 10. fxe3 dxc4 11. Bxc4 Nc6 12. Ne2 O-O 13. O-O Be6 14. Bd3
Bg4 15. Qf2 Rad8 16. Nf4 g5 17. Qg3 h5 18. h3 gxf4 19. Rxf4 Ne5 20. Bc2 Ng6 21.
Bxg6 fxg6 22. hxg4 h4 23. Qf3 c5 24. Rf1 Rfe8 25. Rf7 Qxe3+ 26. Qxe3 Rxe3 27.
Rxb7 Rf8 28. Rxf8+ Kxf8 29. Rxa7 cxd4 30. cxd4 Re4 31. d5 Rxg4 32. d6 Rd4 33.
d7 Ke7 34. Kf2 g5 35. a4 g4 36. a5 Rxd7 37. Rxd7+ Kxd7 38. Ke3 1/2-1/2

[Event "WA Open - Booster Section"]
[Site "Redmond, WA"]
[Date "2008.05.24"]
[Round "1"]
[White "Mendoza, Fidel"]
[Black "Lee, Jonah"]
[Result "1-0"]
[WhiteElo "1368"]
[BlackElo "918"]
[Annotator "Harrison"]
[PlyCount "37"]
[EventDate "2008.05.??"]
[SourceDate "2008.05.24"]

1. e4 e6 2. d4 d5 3. Nd2 Nf6 4. Bd3 c6 5. Ngf3 Be7 6. O-O O-O 7. Ng5 Nxe4 8.
Ngxe4 dxe4 9. Nxe4 Qxd4 10. Ng5 Qd5 11. Nxh7 (11. Bxh7+ $1 Kh8 12. Qh5 $18)
11... Rd8 12. f4 e5 13. Qh5 e4 14. f5 exd3 15. Bg5 Bc5+ 16. Kh1 Re8 (16... Rd6
17. Rae1 Bd7 18. f6 Rxf6 19. Rxf6 d2 20. Rd1 $18) (16... Bxf5 $1 17. Nf6+ gxf6
18. Bxf6 Bh7 19. Qg4+ Bg6 20. Qh4 Qh5 21. Bxd8 Qxh4 $19) (16... Bd4 17. Bxd8
$18) 17. Nf6+ gxf6 18. Bxf6 dxc2 19. Qh8# 1-0

[Event "WA Open - Booster Section"]
[Site "Redmond, WA"]
[Date "2008.05.24"]
[Round "1"]
[White "Oratz, Josh"]
[Black "MacGregor, Logan"]
[Result "0-1"]
[WhiteElo "1060"]
[BlackElo "1287"]
[PlyCount "30"]
[EventDate "2008.05.??"]
[SourceDate "2008.05.24"]

1. e4 e6 2. d4 d5 3. Nc3 Nf6 4. e5 Nfd7 5. Nf3 c5 6. Be3 Nc6 7. Bb5 Qb6 8. Bxc6
bxc6 9. Bd2 Ba6 10. Na4 Qc7 11. a3 cxd4 12. Nxd4 Qxe5+ 13. Ne2 Bd6 14. g3 Qe4
15. Nac3 Qxh1+ 0-1

[Event "WA Open - Booster Section"]
[Site "Redmond, WA"]
[Date "2008.05.24"]
[Round "1"]
[White "Liao, King"]
[Black "Nighswonger, Carl"]
[Result "1-0"]
[WhiteElo "1113"]
[BlackElo "1020"]
[PlyCount "61"]
[EventDate "2008.05.??"]
[SourceDate "2008.05.24"]

1. Nf3 Nc6 2. g3 d6 3. Bg2 e5 4. d3 Be7 5. O-O h6 6. Nbd2 Bd7 7. e4 Bg5 8. c3
Nge7 9. Qc2 Ng6 10. a4 Nf4 11. gxf4 Bxf4 12. Nc4 Bg4 13. Bxf4 exf4 14. e5 Bxf3
15. Bxf3 Nxe5 16. Nxe5 dxe5 17. Bxb7 Qg5+ 18. Kh1 Rb8 19. Bc6+ Ke7 20. Rae1 Rb6
21. d4 f6 22. Bf3 h5 23. Rg1 Qh6 24. dxe5 fxe5 25. Rxe5+ Kd8 26. Rd1+ Rd6 27.
Rxd6+ cxd6 28. Qd3 Kd7 29. Ra5 Rb8 30. Rxa7+ Kc8 31. Qf5+ 1-0

[Event "WA Open - Booster Section"]
[Site "Redmond, WA"]
[Date "2008.05.24"]
[Round "1"]
[White "Nelson, Evan"]
[Black "Yu, Justin"]
[Result "1-0"]
[WhiteElo "1316"]
[BlackElo "1249"]
[PlyCount "113"]
[EventDate "2008.05.??"]
[SourceDate "2008.05.24"]

1. e4 e5 2. Nf3 Nc6 3. d4 exd4 4. Bc4 Bb4+ 5. c3 dxc3 6. bxc3 Bc5 7. Bxf7+ Kxf7
8. Qd5+ Ke8 9. Qh5+ Kf8 10. Qxc5+ d6 11. Qc4 Nf6 12. O-O Ke7 13. Ng5 Ne5 14.
Qb3 h6 15. f4 hxg5 16. fxe5 Be6 17. exf6+ gxf6 18. Bxg5 fxg5 19. Qxb7 Bc4 20.
Rf5 g4 21. Nd2 Be6 22. Ra5 Rc8 23. Rxa7 Qf8 24. Qc6 Bd7 25. Rxc7 Rxc7 26. Qxc7
Qf4 27. Nf1 Qxe4 28. Qb6 Bc6 29. Qe3 Kd7 30. Qxe4 Bxe4 31. Ng3 Bd5 32. Nf5 Be6
33. Nd4 Bd5 34. a4 Rb8 35. Nb5 Bc6 36. c4 d5 37. Rd1 Rb6 38. Kf2 Ra6 39. cxd5
Bxb5 40. axb5 Rb6 41. Kg3 Rxb5 42. Kxg4 Rb2 43. Kf3 Kd6 44. h4 Rb4 45. h5 Rb8
46. g4 Rf8+ 47. Kg3 Rg8 48. Kh4 Rg7 49. h6 Rg8 50. g5 Rg6 51. Kh5 Rg8 52. h7
Re8 53. Kh6 Rb8 54. g6 Rb2 55. h8=Q Rh2+ 56. Kg7 Rxh8 57. Kxh8 1-0

[Event "WA Open - Booster Section"]
[Site "Redmond, WA"]
[Date "2008.05.24"]
[Round "1"]
[White "Hu, Kaicheng"]
[Black "Bashkansky, Ethan"]
[Result "1-0"]
[WhiteElo "1191"]
[BlackElo "1346"]
[PlyCount "81"]
[EventDate "2008.05.??"]
[SourceDate "2008.05.24"]

1. d4 d5 2. c4 e6 3. Nc3 Bb4 4. Nf3 Nf6 5. Bg5 h6 6. Bxf6 Qxf6 7. e3 O-O 8. a3
Bxc3+ 9. bxc3 Nd7 10. Bd3 dxc4 11. Bxc4 e5 12. O-O c5 13. Qc2 exd4 14. cxd4 b6
15. Rad1 Bb7 16. d5 Ne5 17. Nxe5 Qxe5 18. Rd2 Rfd8 19. Rfd1 Rd6 20. e4 Re8 21.
f3 Rg6 22. d6 Qh5 23. Qb3 Rf6 24. Qa4 Qe5 25. Qxa7 Bxe4 26. fxe4 Qxe4 27. Re2
Qxc4 28. Rxe8+ Kh7 29. Qe7 Qa4 30. Re1 Qd4+ 31. Kh1 Qf2 32. h3 Re6 33. Rxe6
Qf1+ 34. Kh2 Qf4+ 35. Kg1 fxe6 36. Qxe6 Qd4+ 37. Kh1 Qd1+ 38. Kh2 Qd3 39. Qe4+
Qxe4 40. Rxe4 g5 41. Re7+ {remaining moves not recorded} 1-0

[Event "WA Open - Booster Section"]
[Site "Redmond, WA"]
[Date "2008.05.24"]
[Round "2"]
[White "Hjerrild, Steven"]
[Black "Nelson, Evan"]
[Result "0-1"]
[WhiteElo "1054"]
[BlackElo "1316"]
[PlyCount "34"]
[EventDate "2008.05.??"]
[SourceDate "2008.05.24"]

1. d4 d5 2. c4 e6 3. Nc3 c6 4. Nf3 Nf6 5. Bg5 Be7 6. e3 O-O 7. c5 Nbd7 8. Bd3
Qc7 9. h3 e5 10. dxe5 Nxe5 11. Nxe5 Qxe5 12. Bf4 Qe6 13. b4 d4 14. Na4 Nd5 15.
e4 Nxf4 16. O-O b6 17. Qc2 Qg6 0-1

[Event "WA Open - Booster Section"]
[Site "Redmond, WA"]
[Date "2008.05.24"]
[Round "2"]
[White "Nighswonger, Carl"]
[Black "Barua, Aniruddha"]
[Result "1-0"]
[WhiteElo "1020"]
[BlackElo "838"]
[PlyCount "57"]
[EventDate "2008.05.??"]
[SourceDate "2008.05.24"]

1. c4 Nf6 2. d4 e6 3. Nc3 c6 4. Nf3 d5 5. Bg5 Nbd7 6. e3 Be7 7. Be2 b6 8. O-O
O-O 9. Qc2 Qc7 10. Bd3 g6 11. Bf4 Bd6 12. Bxd6 Qxd6 13. a3 Bb7 14. b4 a6 15. c5
bxc5 16. bxc5 Qc7 17. Rab1 Rfb8 18. Rb2 Bc8 19. Rfb1 Rxb2 20. Rxb2 a5 21. Na4
Rb8 22. Qb1 Rxb2 23. Qxb2 Bb7 24. Nb6 Nxb6 25. cxb6 Qd8 26. Ne5 Nd7 27. Ba6
Bxa6 28. b7 Nb6 29. Nxc6 1-0

[Event "WA Open - Booster Section"]
[Site "Redmond, WA"]
[Date "2008.05.26"]
[Round "5"]
[White "Nelson, Evan"]
[Black "Mendoza, Fidel"]
[Result "0-1"]
[WhiteElo "1316"]
[BlackElo "1368"]
[Annotator "Harrison"]
[PlyCount "72"]
[EventDate "2008.05.??"]
[SourceDate "2008.05.24"]

1. e4 e5 2. Nf3 d6 3. d4 exd4 4. Nxd4 Bd7 5. Bc4 Nf6 6. Nc3 c6 7. Bg5 Be7 8.
O-O O-O 9. Re1 Qa5 10. Bf4 Bg4 11. Qd3 Nbd7 12. h3 Bh5 13. Nf5 Rfe8 14. b4 Qd8
15. Nxe7+ Rxe7 16. Bxd6 Re8 17. Qg3 (17. e5 Bg6 18. Qg3 Nb6 $16) 17... b5 18.
Bb3 Nb6 19. Qg5 $2 h6 $2 (19... Qxd6 20. e5 Qd4 21. exf6 Bg6 22. Re3 gxf6 23.
Qg3 Rxe3 24. Qxe3 Qxb4 $15) 20. Qh4 $4 (20. Qg3 $16) 20... Qxd6 21. g4 Bg6 22.
g5 hxg5 23. Qxg5 Nxe4 24. Nxe4 Rxe4 25. Red1 Qf6 26. Qg3 Re5 27. h4 Rae8 28.
Kf1 Nd5 29. Kg1 Nc3 30. Qxc3 Rg5+ 31. hxg5 Qxc3 32. a4 Be4 33. axb5 Qh3 34. f3
Bxf3 35. Rd2 Qh1+ 36. Kf2 Qg2# 0-1

[Event "WA Open - Booster Section"]
[Site "Redmond, WA"]
[Date "2008.05.26"]
[Round "5"]
[White "Lee, Jonah"]
[Black "Liao, King"]
[Result "0-1"]
[WhiteElo "918"]
[BlackElo "1113"]
[PlyCount "126"]
[EventDate "2008.05.??"]
[SourceDate "2008.05.24"]

1. c4 Nf6 2. g3 g6 3. Bg2 Bg7 4. e3 O-O 5. Ne2 d6 6. O-O e5 7. d3 Nbd7 8. Nbc3
c6 9. Rb1 a5 10. a3 Nc5 11. b4 Ne6 12. b5 d5 13. cxd5 cxd5 14. d4 e4 15. Qb3
Ng5 16. Nf4 Be6 17. Nce2 Qd7 18. Kh1 Bh3 19. Nxh3 Nxh3 20. Ng1 Nxg1 21. Kxg1
Rac8 22. Bb2 Rc7 23. Rfc1 Rfc8 24. Rc3 Nh5 25. a4 f5 26. Rbc1 Nf6 27. Qd1 Rc4
28. Bf1 Rxc3 29. Bxc3 b6 30. Bd2 Bf8 31. Rxc8 Qxc8 32. Qc1 Qxc1 33. Bxc1 Bb4
34. Be2 Kg7 35. h3 h5 36. Bd1 Kf7 37. h4 Ne8 38. Kf1 Nd6 39. Bb3 Ke6 40. Ke2
Nc4 41. Bxc4 dxc4 42. Bd2 Kd5 43. Kd1 c3 44. Be1 {Diagram #} c2+ 45. Kxc2 Bxe1
46. Kd1 Bxf2 47. Ke2 Bxg3 48. Kf1 Bxh4 49. Kg2 Be7 50. Kg3 g5 51. Kh3 Kc4 52.
Kg3 Kb4 53. Kf2 Kxa4 54. d5 Kxb5 55. d6 Bxd6 56. Kg2 a4 57. Kf2 Kc4 58. Kg2 a3
59. Kf2 Kd3 60. Kg2 a2 61. Kf2 a1=Q 62. Kg2 Qe1 63. Kh3 Qg3# 0-1

[Event "WA Open - Booster Section"]
[Site "Redmond, WA"]
[Date "2008.05.26"]
[Round "6"]
[White "Mendoza, Fidel"]
[Black "MacGregor, Logan"]
[Result "1-0"]
[WhiteElo "1368"]
[BlackElo "1287"]
[PlyCount "91"]
[EventDate "2008.05.??"]
[SourceDate "2008.05.24"]

1. e4 e6 2. d4 d5 3. Nd2 dxe4 4. Nxe4 Nf6 5. Bd3 Nc6 6. Ne2 Be7 7. Bg5 O-O 8.
O-O h6 9. Bh4 Nxd4 10. Nxd4 Qxd4 11. Nxf6+ Bxf6 12. Bxf6 Qxf6 13. c3 Rd8 14.
Qe2 Bd7 15. Be4 Rab8 16. Rad1 a6 17. Rfe1 Qg5 18. b4 Qf6 19. Qc4 c6 20. Rd3 Be8
21. Rf3 Qg5 22. h4 Qb5 23. Qb3 a5 24. a4 Qb6 25. Bb1 Rd2 {Diagram #} 26. Rxe6
Bd7 27. Rxh6 Be6 28. Rxe6 fxe6 29. Qxe6+ Kh8 30. Rf5 Rd1+ 31. Kh2 Qc7+ 32. g3
Rd5 33. Rxd5 cxd5 34. Qg6 Kg8 35. Qh7+ Kf8 36. Bg6 Qe5 37. b5 b6 38. Bh5 Qf6
39. Qh8+ Ke7 40. Qxb8 Qxf2+ 41. Kh3 Qf5+ 42. g4 Qf1+ 43. Kg3 Qd3+ 44. Kf4 Qe4+
45. Kg5 Qe6 46. Qc7+ 1-0

[Event "WA Open - Booster Section"]
[Site "Redmond, WA"]
[Date "2008.05.25"]
[Round "2"]
[White "Iordanov, Stoyan"]
[Black "Smith, Adam"]
[Result "1-0"]
[WhiteElo "1048"]
[BlackElo "1025"]
[PlyCount "21"]
[EventDate "2008.05.??"]
[SourceDate "2008.05.24"]

1. e4 e5 2. Nf3 Nc6 3. Bb5 Nf6 4. O-O d5 5. Nxe5 Qd6 6. d4 Bd7 7. exd5 Qxd5 8.
Nc3 Qd6 9. Re1 O-O-O 10. Nxf7 Qb4 11. Nxh8 1-0

[Event "WA Open - Booster Section"]
[Site "Redmond, WA"]
[Date "2008.05.24"]
[Round "2"]
[White "James, Mark"]
[Black "Hu, Jiayi"]
[Result "0-1"]
[WhiteElo "1198"]
[BlackElo "1302"]
[PlyCount "106"]
[EventDate "2008.05.??"]
[SourceDate "2008.05.24"]

1. e4 e6 2. d4 d5 3. Nd2 Nf6 4. e5 Nfd7 5. f4 c5 6. c3 Nc6 7. Ngf3 cxd4 8. cxd4
Bb4 9. a3 Ba5 10. Be2 O-O 11. O-O f6 12. b4 Bb6 13. Nb3 fxe5 14. Nc5 Bxc5 15.
dxc5 exf4 16. Nd4 Nxd4 17. Qxd4 Qf6 18. Rxf4 Qxd4+ 19. Rxd4 Nf6 20. Bf4 Bd7 21.
a4 a6 22. Be5 Bc6 23. Rdd1 Ne4 24. Bg4 Nf2 25. Bxe6+ Kh8 26. Rd4 Rad8 27. Bd6
Rfe8 28. Bxd5 Bxd5 29. Rxd5 Ne4 30. a5 Nxd6 31. Rxd6 Rxd6 32. cxd6 Rd8 33. Rc1
Kg8 34. d7 Rxd7 35. Rc5 Kf7 36. b5 axb5 37. Rxb5 Ke7 38. Kf2 Kd6 39. Kf3 Kc6
40. Rb1 Rd5 41. Rc1+ Rc5 42. Rxc5+ Kxc5 43. g4 Kb5 44. Kf4 Kxa5 45. Kg5 b5 46.
h4 b4 47. h5 b3 48. h6 g6 49. Kf6 b2 50. Kg7 b1=Q 51. Kxh7 g5+ 52. Kg7 Qe4 53.
h7 Qxg4 0-1

[Event "WA Open - Booster Section"]
[Site "Redmond, WA"]
[Date "2008.05.24"]
[Round "2"]
[White "Yu, Justin"]
[Black "Oratz, Josh"]
[Result "0-1"]
[WhiteElo "1249"]
[BlackElo "1060"]
[PlyCount "110"]
[EventDate "2008.05.??"]
[SourceDate "2008.05.24"]

1. e4 e5 2. Nf3 Nc6 3. Bc4 Nf6 4. d3 d6 5. Bg5 Be7 6. O-O Bg4 7. Nbd2 Nd4 8. c3
Nxf3+ 9. Nxf3 O-O 10. h3 Be6 11. Qb3 Bd7 12. Qxb7 Qb8 13. Qxb8 Raxb8 14. Bb3
Rfe8 15. Be3 a5 16. Rab1 Bb5 17. Rfd1 a4 18. Bc2 d5 19. Nxe5 Bd6 20. Nf3 dxe4
21. dxe4 Nxe4 22. Rd4 Bc6 23. Bxa4 Bxa4 24. Rxa4 Nxc3 25. Rc4 Nxb1 26. Bd4 Rb4
27. Rc1 Nd2 28. Nxd2 Rxd4 29. Nf3 Rd5 30. g3 Rc5 31. Rd1 g5 32. Nh2 Rc2 33. Ng4
Kg7 34. Rb1 Bc5 35. b4 Bb6 36. a4 Ra2 37. a5 Bd4 38. Kf1 h5 39. Rd1 Ba7 40. Ne3
Bxe3 41. fxe3 Rxe3 42. Rc1 Rb3 43. Ke1 Rxb4 44. Kf1 Rb3 45. Rd1 Rxg3 46. Rc1
Rxh3 47. Kg1 Rb3 48. Kf1 h4 49. Kg1 h3 50. Kh1 g4 51. Rg1 g3 52. Rc1 Rba3 53.
Rf1 Ra1 54. Rg1 Rxg1+ 55. Kxg1 Ra1# 0-1

[Event "WA Open - Booster Section"]
[Site "Redmond, WA"]
[Date "2008.05.25"]
[Round "1"]
[White "Iordanov, Stoyan"]
[Black "McPherson, Ian"]
[Result "1/2-1/2"]
[WhiteElo "1048"]
[BlackElo "1315"]
[PlyCount "116"]
[EventDate "2008.05.??"]
[SourceDate "2008.05.24"]

1. e4 c5 2. Nf3 d6 3. d4 cxd4 4. Nxd4 Nf6 5. Nc3 g6 6. b3 Bg7 7. Bb2 O-O 8. Be2
Nc6 9. O-O Bd7 10. Qd2 Qa5 11. Nxc6 bxc6 12. f3 Rfc8 13. Rad1 Be6 14. a3 c5 15.
Nd5 Qxd2 16. Rxd2 Bxd5 17. Bxf6 Bxf6 18. Rxd5 a5 19. Bc4 a4 20. Rb1 Rcb8 21.
Rd3 axb3 22. Rdxb3 Rxb3 23. Rxb3 e6 24. f4 Ra4 25. e5 dxe5 26. fxe5 Bxe5 27.
Bb5 Ra8 28. a4 Bc7 29. Bc6 Rb8 30. g3 Rxb3 31. cxb3 Kf8 32. Kf2 Ke7 33. Ke3 Kd6
34. Bb5 f5 35. Kd3 e5 36. Kc4 e4 37. Kc3 Ba5+ 38. Kc4 g5 39. h3 f4 40. gxf4
gxf4 41. Be8 f3 42. Bh5 Bb4 43. Kb5 Kd5 44. a5 Bxa5 45. Kxa5 Kd4 46. Kb5 f2 47.
Be2 e3 48. b4 cxb4 49. Kxb4 h6 50. Kb3 Ke4 51. Kc4 Kf5 52. Kd4 Kf4 53. Kd3 h5
54. Kd4 f1=Q 55. Bxf1 Kf3 56. Be2+ Kg3 57. Kxe3 Kxh3 58. Kf3 Kh2 1/2-1/2

[Event "WA Open - Booster Section"]
[Site "Redmond, WA"]
[Date "2008.05.25"]
[Round "4"]
[White "Yu, Justin"]
[Black "Liao, King"]
[Result "1-0"]
[WhiteElo "1249"]
[BlackElo "1113"]
[PlyCount "93"]
[EventDate "2008.05.??"]
[SourceDate "2008.05.24"]

1. e4 d6 2. Nc3 e5 3. Nf3 Nf6 4. Bc4 Bg4 5. h3 Bxf3 6. Qxf3 g6 7. d3 Bg7 8. Bg5
O-O 9. O-O Nc6 10. Nd5 Nd4 11. Nxf6+ Bxf6 12. Qxf6 Qxf6 13. Bxf6 Nxc2 14. Rac1
Nd4 15. Rfe1 Rfe8 16. Bg5 Kg7 17. Be3 Nc6 18. Bb5 Re7 19. Bxc6 bxc6 20. Rxc6
Rb8 21. b3 a5 22. Ra6 Rb5 23. Rc1 d5 24. Rc5 Rxc5 25. Bxc5 Re6 26. Rxa5 dxe4
27. dxe4 Rc6 28. b4 f5 29. exf5 gxf5 30. Ra8 Kf6 31. a4 Ke6 32. Rd8 e4 33. Kf1
Ke5 34. g3 f4 35. gxf4+ Kxf4 36. Ke2 Ra6 37. a5 Rc6 38. Rd4 Ke5 39. Ke3 h5 40.
Rxe4+ Kf5 41. Kd4 Re6 42. Rxe6 Kxe6 43. a6 Kf5 44. a7 Kg5 45. a8=Q Kh4 46. Qg8
Kxh3 47. Qg3# 1-0

[Event "WA Open - Booster Section"]
[Site "Redmond, WA"]
[Date "2008.05.25"]
[Round "4"]
[White "Southcote-Want, Ian"]
[Black "Iordanov, Stoyan"]
[Result "1-0"]
[WhiteElo "1294"]
[BlackElo "1048"]
[PlyCount "107"]
[EventDate "2008.05.??"]
[SourceDate "2008.05.24"]

1. d4 Nf6 2. Nf3 g6 3. e3 d5 4. Bd3 Bg7 5. O-O Bg4 6. Nbd2 Qd6 7. h3 Bxf3 8.
Nxf3 Ne4 9. Nd2 f5 10. Nxe4 fxe4 11. Be2 Nd7 12. Bd2 O-O-O 13. b3 h5 14. c4 e6
15. cxd5 exd5 16. Rc1 Nf6 17. Be1 g5 18. g4 Kb8 19. gxh5 Rdg8 20. Bg4 Bf8 21.
f3 Nxh5 22. fxe4 Nf4 23. exf4 gxf4 24. e5 Rxg4+ 25. Qxg4 Qh6 26. Rxf4 Be7 27.
Bd2 Qh7 28. Qf5 a6 29. Qxh7 Rxh7 30. Rf3 b6 31. Rcf1 Rh4 32. Be3 Bb4 33. Bg5
Rxd4 34. Rf4 Bc5 35. Rxd4 Bxd4+ 36. Kg2 Bxe5 37. Rf5 Bd4 38. Rxd5 c5 39. Rxd4
cxd4 40. Kf3 Kc7 41. Ke4 Kd6 42. Kxd4 Ke6 43. a4 Kf5 44. h4 Kg4 45. b4 Kf3 46.
b5 axb5 47. axb5 Ke2 48. h5 Kd1 49. h6 Kc2 50. h7 Kb3 51. h8=Q Kb4 52. Bd8 Ka5
53. Kc4 Ka4 54. Qa1# 1-0

[Event "WA Open - Booster Section"]
[Site "Redmond, WA"]
[Date "2008.05.25"]
[Round "4"]
[White "McPherson, Ian"]
[Black "Oratz, Josh"]
[Result "0-1"]
[WhiteElo "1315"]
[BlackElo "1060"]
[PlyCount "78"]
[EventDate "2008.05.??"]
[SourceDate "2008.05.24"]

1. d4 d5 2. Bf4 e6 3. e3 Bd6 4. Bg3 Nf6 5. Nf3 O-O 6. Bd3 Nc6 7. c3 Re8 8. Ne5
Bxe5 9. Bxe5 Nd7 10. Bg3 e5 11. O-O Nf6 12. Nd2 Bg4 13. Qb3 Na5 14. Qc2 e4 15.
Bb5 c6 16. Ba4 Nc4 17. Bb3 Na5 18. h3 Be2 19. Rfe1 Bd3 20. Qd1 Qb6 21. f3 Nc4
22. Bxc4 dxc4 23. Qc1 Rad8 24. Bh4 Rd6 25. Bxf6 Rxf6 26. Nxe4 Bxe4 27. fxe4
Rxe4 28. Rf1 Rg6 29. Qd2 c5 30. d5 Rh4 31. Qf2 Qf6 32. Qxf6 gxf6 33. Rf2 Rxh3
34. e4 Re3 35. Raf1 Rxe4 36. Rxf6 Re7 37. R6f4 b5 38. a4 Re2 39. Rxf7 Rgxg2+
0-1

[Event "WA Open - Booster Section"]
[Site "Redmond, WA"]
[Date "2008.05.24"]
[Round "1"]
[White "Barua, Aniruddha"]
[Black "Chi, Quentin"]
[Result "0-1"]
[WhiteElo "838"]
[BlackElo "1355"]
[PlyCount "38"]
[EventDate "2008.05.??"]
[SourceDate "2008.05.24"]

1. e4 d5 2. exd5 Nf6 3. Bb5+ Bd7 4. Bc4 Bf5 5. Nc3 Nbd7 6. d3 Nb6 7. Bb5+ Bd7
8. Bf4 Nbxd5 9. Bxd7+ Qxd7 10. Nxd5 Nxd5 11. Qf3 e6 12. c4 Nxf4 13. Qxf4 Qxd3
14. Rd1 Bb4+ 15. Rd2 Rd8 16. Nf3 Bxd2+ 17. Qxd2 Qb1+ 18. Ke2 Rxd2+ 19. Kxd2
Qxh1 0-1

[Event "WA Open - Booster Section"]
[Site "Redmond, WA"]
[Date "2008.05.24"]
[Round "2"]
[White "MacGregor, Logan"]
[Black "Liao, King"]
[Result "1-0"]
[WhiteElo "1287"]
[BlackElo "1113"]
[PlyCount "83"]
[EventDate "2008.05.??"]
[SourceDate "2008.05.24"]

1. e4 d6 2. Nf3 Nf6 3. d3 g6 4. g3 Bg7 5. Bg2 O-O 6. O-O e5 7. Nbd2 Nc6 8. c3
a6 9. Re1 b5 10. Nf1 Bb7 11. Ne3 Qd7 12. h4 h6 13. Nh2 Ne7 14. f4 c5 15. Nf3
Nh5 16. g4 Nxf4 17. h5 Nxg2 18. Kxg2 c4 19. g5 Qe6 20. Rg1 d5 21. Kh2 cxd3 22.
Ng4 dxe4 23. Nh4 Rad8 24. gxh6 d2 25. hxg7 Kxg7 26. Bxd2 Nf5 27. Nxf5+ Qxf5 28.
Bh6+ Kh7 29. hxg6+ fxg6 30. Qf1 Qh5+ 31. Qh3 Qxh3+ 32. Kxh3 Rf3+ 33. Kh2 Re8
34. Rae1 Bd5 35. a3 Re6 36. Bc1 Rf5 37. Re3 Rh5+ 38. Rh3 Kg7 39. Rxh5 gxh5 40.
Nxe5+ Kf6 41. Nd7+ Kf5 42. Rg5# 1-0